The Indonesian Mahabharata bhishmaparva / (Record no. 332995)

MARC details
000 -LEADER
fixed length control field 01555nam a2200409 a 4500
001 - CONTROL NUMBER
control field vtls000372275
003 - CONTROL NUMBER IDENTIFIER
control field NLI
005 - DATE AND TIME OF LATEST TRANSACTION
control field 20210602180413.0
008 - FIXED-LENGTH DATA ELEMENTS--GENERAL INFORMATION
fixed length control field 110113s1995 ii e 000 0 eng
020 ## - INTERNATIONAL STANDARD BOOK NUMBER
International Standard Book Number 8186471057
Terms of availability Rs.550.00
039 #9 - LEVEL OF BIBLIOGRAPHIC CONTROL AND CODING DETAIL [OBSOLETE]
Level of rules in bibliographic description 201702091131
Level of effort used to assign nonsubject heading access points syamalkb
Level of effort used to assign subject headings 201702071308
Level of effort used to assign classification syamalkb
-- 201101132243
-- VLOAD
040 ## - CATALOGING SOURCE
Original cataloging agency NLI :
Language of cataloging eng
Transcribing agency NLMARC21
041 0# - LANGUAGE CODE
Language code of text/sound track or separate title eng
Language code of original kaw
044 ## - COUNTRY OF PUBLISHING/PRODUCING ENTITY CODE
MARC country code ii
082 04 - DEWEY DECIMAL CLASSIFICATION NUMBER
Classification number 294.5923
Edition number 22
130 12 - MAIN ENTRY--UNIFORM TITLE
Uniform title Indonesian Mahabharata
Language of a work English and Kawi
9 (RLIN) 560216
245 14 - TITLE STATEMENT
Title The Indonesian Mahabharata bhishmaparva /
Statement of responsibility, etc. translated from the original classicl Kawi text by I. Gustu Putu Phalgunadi
260 ## - PUBLICATION, DISTRIBUTION, ETC.
Place of publication, distribution, etc. New Delhi :
Name of publisher, distributor, etc. International Academy of Indian Culture and Aditya Prakashan,
Date of publication, distribution, etc. 1995
300 ## - PHYSICAL DESCRIPTION
Extent [5], 283 p.;
Dimensions 28 cm.
440 #0 - SERIES STATEMENT/ADDED ENTRY--TITLE
Title Sata-Pitaka series : Indo-Asian literatures
Volume/sequential designation no. 384
9 (RLIN) 83276
500 ## - GENERAL NOTE
General note Text in Kawi and English
504 ## - BIBLIOGRAPHY, ETC. NOTE
Bibliography, etc. note Includes bibliographical references
650 #0 - SUBJECT ADDED ENTRY--TOPICAL TERM
Topical term or geographic name entry element Mahabharata
9 (RLIN) 4298
650 #0 - SUBJECT ADDED ENTRY--TOPICAL TERM
Topical term or geographic name entry element Hinduism
General subdivision Sacred books
9 (RLIN) 4764
700 1# - ADDED ENTRY--PERSONAL NAME
Personal name Phalgunadi, I. Gustu Putu,
Dates associated with a name 1948-,
Relationship trl
9 (RLIN) 560217
710 1# - ADDED ENTRY--CORPORATE NAME
Corporate name or jurisdiction name as entry element International Academy of Indian Culture
9 (RLIN) 447640
730 0# - ADDED ENTRY--UNIFORM TITLE
Uniform title Mahabharata
9 (RLIN) 393497
887 ## - NON-MARC INFORMATION FIELD
Content of non-MARC field E. Haque KC
901 ## - LOCAL DATA ELEMENT A, LDA (RLIN)
a DB68565 :
b 27.06.1996
902 ## - LOCAL DATA ELEMENT B, LDB (RLIN)
a E/O 294.5923 In 2
904 ## - LOCAL DATA ELEMENT D, LDD (RLIN)
a E. Haque
905 ## - LOCAL DATA ELEMENT E, LDE (RLIN)
a KC
942 ## - ADDED ENTRY ELEMENTS (KOHA)
Source of classification or shelving scheme Dewey Decimal Classification
Koha item type Books
949 ## - LOCAL PROCESSING INFORMATION (OCLC)
-- VIRTUAITEM
-- 10012
-- 100
6 DB68565
Holdings
Withdrawn status Lost status Damaged status Not for loan Collection code Home library Current library Shelving location Date acquired Total Checkouts Full call number Barcode Date last seen Price effective from Koha item type
        New English Oversized National Library of India National Library of India New English Oversized - Main Stack Division     E/O 294.5923 In 2 DB68565 02/06/2021 02/06/2021 Books
                                                                           
web counter

Copyright ©2020 The National Library of India, Govt. of India ↔ Hosted by NVLI, MOC ↔ Technology and Design by National Library of India, Ministry of Culture, Govt. of India